Normal view
MARC view
- Pirzada, Sharifuddin
Entry Personal Name
001 - CONTROL NUMBER
- control field: 108648
003 - CONTROL NUMBER IDENTIFIER
- control field: NUST
005 - DATE AND TIME OF LATEST TRANSACTION
- control field: 20230206114840.0
008 - FIXED-LENGTH DATA ELEMENTS
- fixed length control field: 230206|| aca||aabn | a|a d
040 ## - CATALOGING SOURCE
- Original cataloging agency: NUST
- Transcribing agency: NUST
100 ## - HEADING--PERSONAL NAME
- Personal name: Pirzada, Sharifuddin
670 ## - SOURCE DATA FOUND
- Source citation: Work cat.: (NUST)187489: Pirzada, Sharifuddin, Quaid's Correspondence /, 1987
